000 00982nam0a22002531 4500
001 rc\200839
005 20030307113959.6
035 _a(NLR Aleph) 005453984
090 _a4887228
_c4887228
100 _a20030307d1995 u |0rusy50 ca
101 0 _arus
102 _aRU
105 _ay |||||||||
200 1 _aИзучение творчества М.А. Булгакова в средней школе
_eВ помощь учителю
_fАдыг. респ. центр развития образования
210 _aМайкоп
_cРесп. изд.-полигр. об-ние "Адыгея"
_d1995
215 _a22, [1] с.
_d21
320 _aБиблиогр. в конце кн. (6 назв.)
600 1 _aБулгаков
_bМ.А.
_gМихаил Афанасьевич
_2psbo
700 1 _aТизул
_bТ. К.
_gТатьяна Константиновна
801 0 _aRU
_bNLR
_gpsbo
801 1 _aRU
_bELAR
_2rusmarc
852 _aNLR
_j96-4/20156
942 _cBOOK
980 _aNB